Prime London residential markets (Record no. 112484)

MARC details
000 -LEADER
fixed length control field 01156cad a22002415a 4500
001 - CONTROL NUMBER
control field L153362
008 - FIXED-LENGTH DATA ELEMENTS--GENERAL INFORMATION
fixed length control field 120619s20110715xxkdo f 000 0 eng d
035 ## - SYSTEM CONTROL NUMBER
System control number (Sirsi) u153362
041 0# - LANGUAGE CODE
Language code of text/sound track or separate title eng
050 04 - LIBRARY OF CONGRESS CALL NUMBER
Classification number 333.33 $2 18
110 2# - MAIN ENTRY--CORPORATE NAME
Corporate name or jurisdiction name as entry element Savills Research
9 (RLIN) 5211
245 00 - TITLE STATEMENT
Title Prime London residential markets
Remainder of title Summer 2011
Medium [electronic resource]
260 ## - PUBLICATION, DISTRIBUTION, ETC.
Place of publication, distribution, etc. London
Name of publisher, distributor, etc. Savills
Date of publication, distribution, etc. 2011
490 #0 - SERIES STATEMENT
Series statement Savills Research Residential Market in Minutes Prime London Residential Markets
Volume/sequential designation Summer 2011
520 ## - SUMMARY, ETC.
Summary, etc. Prime residential market in London for the first half 2011. Savills Prime London Index shows growth of 6.3% between January and June 2011. Prime London forecasts upgraded in light of strong performance with prime central London predicting 8% growth and rest of London prime predicting 6% growth.
521 ## - TARGET AUDIENCE NOTE
Target audience note Advanced
590 ## - LOCAL NOTE (RLIN)
Local note KA
650 24 - SUBJECT ADDED ENTRY--TOPICAL TERM
Topical term or geographic name entry element SAVILLS MARKET IN MINUTES
651 #4 - SUBJECT ADDED ENTRY--GEOGRAPHIC NAME
Geographic name United Kingdom
Chronological subdivision
690 ## - LOCAL SUBJECT ADDED ENTRY--TOPICAL TERM (OCLC, RLIN)
Topical term or geographic name as entry element PROPERTY-RESIDENTIAL PROPERTY
856 40 - ELECTRONIC LOCATION AND ACCESS
Uniform Resource Identifier <a href="https://pdf.euro.savills.co.uk/uk/market-in-minute-reports/market-in-minutes---prime-london-q211.pdf">https://pdf.euro.savills.co.uk/uk/market-in-minute-reports/market-in-minutes---prime-london-q211.pdf</a>
Public note View the report after free registration at www.savills.co.uk
942 ## - ADDED ENTRY ELEMENTS (KOHA)
Suppress in OPAC 0
Holdings
Withdrawn status Lost status Source of classification or shelving scheme Damaged status Not for loan Home library Current library Shelving location Date acquired Total Checkouts Full call number Barcode Date last seen Copy number Price effective from Koha item type
    Dewey Decimal Classification     Virtual Virtual Online 18/07/2011   ONLINE PUBLICATION 153362-2001 06/08/2019 1 06/08/2019 Book